000 00462nam a2200157Ia 4500
008 230907s9999||||xx |||||||||||||| ||und||
082 _a621.3
_bSAD
100 _aHusnain Sadiq (00000170417)
_9116408
245 0 _aImpact of PV penetration on MV feeder of NUST /
260 _aUSPCAS-E, NUST,
_bIslamabad :
_c2018
300 _a58 p.
520 _aTH-118
650 _aMS-EEP Thesis MS Thesis
_9116409
700 _aDr Kashif Imran
_9117108
942 _cTHE
_2ddc
999 _c601797
_d601797